000 00646nam a2200253Ia 4500
001 8551
005 20240113234119.0
007 ta
008 050720s a g b000 u eng u
020 _cPB
040 _aCotton College,Assam
041 _aeng
082 _a370.15
_bSh 11 Ch
100 _aSharma, Ram Nath .
245 0 _aChild Psychology /
_cRam Nath Sharma.
_hTextual Documents
250 _a2nd ed. /
260 _aDelhi :
_bSurjeet Publications ,
_cnd.
300 _a360p. :
_bill. ;
_c22cm .
653 _aEducation
653 _aChild Psychology
942 _2ddc
_cBK
999 _c8538
_d8538